000 00568cam a22002053a 4500
001 45072
003 PGUSA
005 20140828084030.0
008 140307s2014||||xxu|||||s|||||000 | eng d
040 _aPGUSA
_beng
042 _adc
100 1 _aHowe, Robert H.
245 1 0 _aHow We Robbed Mexico in 1848
_h[electronic resource] /
_cRobert H. Howe
260 _bProject Gutenberg,
_c2014
506 _aPublic domain in the USA.
516 _aElectronic text
830 0 _aProject Gutenberg
_v45072
856 4 0 _uhttp://www.gutenberg.org/ebooks/45072
942 _cEB
999 _c274323
_d274323